Movies Quiz

Random Movies or Role Quiz
Score 0/16 Timer 05:00
1 Play Today
% Correct
Judy Garland
76.5%
Liza Minnelli
76.3%
Renée Zellweger
74.9%
Michael Gambon
66.8%
Lorna Luft
63%
Bella Ramsey
60.5%
Finn Wittrock
55.5%
Mickey Deans
53%
% Correct
Louis B. Mayer
49.2%
Rufus Sewell
49%
Gemma-Leah
Devereux
44.2%
Joey Luft
44.2%
Bernard Delfont
44%
Sidney Luft
37.2%
Richard Cordery
33.9%
Lewin Lloyd
28.7%
Remove Ads.
Support Sporcle.
Get the best of Sporcle when you Go Orange. This ad-free experience offers more features, more stats, and more fun while also helping to support Sporcle. Thank you for becoming a member.

You're not logged in!

Compare scores with friends on all Sporcle quizzes.
OR
Log In

Sporcle TV

Today on Sporcle TV


Watch our educational content, quiz creation guides, and fun videos on Sporcle TV.

Show Comments

Extras

Top Quizzes Today


Score Distribution

Paid Content

Your Account Isn't Verified!

In order to create a playlist on Sporcle, you need to verify the email address you used during registration. Go to your Sporcle Settings to finish the process.

Report this User

Report this user for behavior that violates our Community Guidelines.

Details: